Post - AGB objects as a phase of stellar evolution (Record no. 14541)

MARC details
000 -LEADER
fixed length control field 00822nam a2200217Ia 4500
003 - CONTROL NUMBER IDENTIFIER
control field IN-BaIIA
008 - FIXED-LENGTH DATA ELEMENTS--GENERAL INFORMATION
fixed length control field 211028s9999 xx 000 0 eng d
020 ## - INTERNATIONAL STANDARD BOOK NUMBER
International Standard Book Number 0-7923-7145-3
040 ## - CATALOGING SOURCE
Transcribing agency IIA Library
111 ## - MAIN ENTRY--MEETING NAME
Meeting name or jurisdiction name as entry element Torun Workshop Post - AGB Objects as a Phase of Stellar Evolution
Location of meeting Torun, Poland
Date of meeting or treaty signing 2000 July 5-7
9 (RLIN) 25838
245 #0 - TITLE STATEMENT
Title Post - AGB objects as a phase of stellar evolution
Remainder of title proceedings of the Torun workshop, Torun, Poland, July 5-7, 2000
Statement of responsibility, etc. edited by R. Szczerba and S. K. Gorny
260 ## - PUBLICATION, DISTRIBUTION, ETC.
Place of publication, distribution, etc. Dordrecht
Name of publisher, distributor, etc. Kluwer Academic
Date of publication, distribution, etc. 2001
300 ## - PHYSICAL DESCRIPTION
Extent xxi, 448p.
490 ## - SERIES STATEMENT
Series statement Astrophysics and space science library; v. 265
650 ## - SUBJECT ADDED ENTRY--TOPICAL TERM
Topical term or geographic name entry element Atmomic gas
9 (RLIN) 25839
650 ## - SUBJECT ADDED ENTRY--TOPICAL TERM
Topical term or geographic name entry element Spectroscopy
9 (RLIN) 1535
650 ## - SUBJECT ADDED ENTRY--TOPICAL TERM
Topical term or geographic name entry element Stellar evolution
700 ## - ADDED ENTRY--PERSONAL NAME
Personal name Gorny, S. K., ed.
9 (RLIN) 25840
700 ## - ADDED ENTRY--PERSONAL NAME
Personal name Szczerba, R., ed.
9 (RLIN) 25841
942 ## - ADDED ENTRY ELEMENTS (KOHA)
Koha item type Books
Holdings
Withdrawn status Lost status Damaged status Not for loan Home library Current library Shelving location Date acquired Cost, normal purchase price Total Checkouts Barcode Date last seen Cost, replacement price Price effective from Koha item type Purchase Price
        IIA Library-Bangalore IIA Library-Bangalore General Stacks 27/03/2002 7330.40   15463 05/11/2021 7330.40 27/03/2002 Books Rs. 7330.40

Powered by Koha